00698 a2200157 450000500170000002000220001710000170003924500740005625000110013026000380014130000480017994200130022799900150024095201440025595201410039920250611144734.0 a978-0-07-353026-0 aCASCIO, W. F aManaging Human Resources: Productivity, quality of work Life, profitsi a8th Ed aNew YorkbMcgraw-hill Irwinc2010 axxxi,719p.: ill; Figure, TablebIndexc25cm 2ddccBKS c3761d3761 r2025-06-11 14:51:17l0o658.3 CASpMBY00066v210000.00w2025-06-11yBKS102ddc407000a002b002cSPECIALd2011-09-07ePurchaseg70000.00 r2025-06-28 12:08:43l0o658.3 CASpMBY000761v210000.00w2025-06-28yBKS102ddc407000a002b002cGENd2012-07-16ePurchaseg70000.00